Pneumatické řídící systémy. Nadstavbový seminář z pneumatiky. Učebnice FestoDidactic. Postgraduální studium /
Saved in:
| Main Authors: | , |
|---|---|
| Format: | Book |
| Language: | Czech |
| Published: |
Praha :
Festo Didactic,
1992
|
| Edition: | 1. vyd. |
| Tags: |
No Tags, Be the first to tag this record!
|
MARC
| LEADER | 00000nam a22000003a 4500 | ||
|---|---|---|---|
| 001 | stu30844 | ||
| 005 | 20150617225734.4 | ||
| 008 | 930115s1992----xr------------------cze-d | ||
| 020 | |a 80-01-00130-X | ||
| 040 | |a STU |b slo | ||
| 041 | 0 | |a cze | |
| 044 | |a xr | ||
| 080 | |a 621.5 | ||
| 100 | 1 | |a Beneš, Pavel |4 aut | |
| 245 | 1 | |a Pneumatické řídící systémy. Nadstavbový seminář z pneumatiky. Učebnice FestoDidactic. Postgraduální studium / |c [aut.] Beneš,Pavel; Mykiska,Antonín | |
| 250 | |a 1. vyd. | ||
| 260 | |a Praha : |b Festo Didactic, |c 1992 | ||
| 300 | |a 224 s | ||
| 700 | 1 | |a Mykiska, Antonín |4 aut | |
| 996 | |b J89510 |c J*89510 |l JJK14 |s P |a 0 |w stu30844_0001 | ||